| 000 | 00375nam a2200157Ia 4500 | ||
|---|---|---|---|
| 008 | 200103s9999||||xx |||||||||||||| ||und|| | ||
| 020 | _a0876921403, | ||
| 040 | _aIMU-MPC | ||
| 082 | _aColumn-17 | ||
| 100 | _aGordon, Geoffrey | ||
| 245 | 0 | _aSystem simulation | |
| 250 | _a2nd ed. | ||
| 260 |
_bPrentice-Hall of India, New Delhi _c1992 |
||
| 300 | _axii, 324 | ||
| 942 | _cBK | ||
| 999 |
_c6120 _d6120 |
||